Consumer Awareness and Consumer Protection in Hungary

Nedostatočná úroveň znalostí o ochrane spotrebiteľa v Maďarsku. Prezentácia o dôvere spotrebiteľa vo vlastné rozhodovacie schopnosti. Hodnotenie skutočnej úrovne našich vedomostí o ochrane spotrebiteľa.

Guardado en:
Detalles Bibliográficos
Autor principal: Sandor Szucs, Robert
Formato: Capítulo de libro
Lenguaje:inglés
Materias:
Etiquetas: Agregar Etiqueta
Sin Etiquetas, Sea el primero en etiquetar este registro!

MARC

LEADER 00000nla a2200000 4500
001 0243789
005 20220803170655.7
041 0 |a eng 
044 |a MK 
245 1 0 |a Consumer Awareness and Consumer Protection in Hungary  |c Robert Sandor Szucs 
520 |a Nedostatočná úroveň znalostí o ochrane spotrebiteľa v Maďarsku. Prezentácia o dôvere spotrebiteľa vo vlastné rozhodovacie schopnosti. Hodnotenie skutočnej úrovne našich vedomostí o ochrane spotrebiteľa. 
610 2 0 |a Maďarsko 
610 2 0 |a spotrebitelia 
610 2 0 |a ochrana spotrebiteľa 
610 2 0 |a reklama skrytá 
610 2 0 |a vedomie ekonomické 
610 2 0 |a zákazníci 
610 2 0 |a marketing 
100 1 |a Sandor Szucs, Robert